000 00589nam a2200205 i 4500
001 6668
003 ES-MaACL
005 20260525062922.0
008 900226s1981 sp ||||1| spa d
020 _a84-239-1616-2
080 _a821.134.2-34"19"
100 1 _aCela, Camilo José,
_d1916-2002
_937336
245 1 3 _aEl espejo y otros cuentos /
_cCamilo José Cela.
260 _aMadrid :
_bEspasa-Calpe,
_c1981.
300 _a150 p. ;
_c18 cm.
490 1 _aColección austral ;
_v1616
830 1 _aColección austral
_v1616
_9177655
852 4 _aES-MaACL
_jL-13934
999 _c6668
_d6668